000 00734nam a2200229Ia 4500
999 _c54153
_d54153
001 21209
003 GE_BSU
005 20210803145338.0
008 181216s ||||us |||||||||||||| || ||
020 _a9780205971367 (paperback)
040 _cGE_BSU
080 _a327 G-60
100 _aGoldstein, Joshua
_912367
245 _aInternational relations /
_cJoshua S. Goldstein, Jon C. Pevehouse.
250 _aTenth edition, 2013-2014 update
264 _aBoston :
_bPearson,
_c2014.
300 _axxx, 568 pages :
_bcolor illustrations, color maps ;
_c26 cm.
541 _h200gel.
653 _aInternational relations
653 _aსაერთაშორისო ურთიერთობები
942 _cBK
_2udc